00872nam a2200265Ia 450000500170000000800410001702000180005810000390007624500400011525000180015530000240017350000420019765000510023965000430029065000380033365000410037194200150041226400300042733600270045733700330048433800280051704000350054508400110058099900150059120220317001336.0161108s2006 ck g 000 0 spa  a97895870438911 aToledo Zamora, Fernandod1948-201414aLa cantata del malcFernando Toledo a1a. edición a265 páginasc23cm aIncluye datos biográficos del autor142LEMBa Novela Histórica colombianaySiglo XX142LEMBaLiteratura colombiana ySiglo XX142LEMBaCantantes en la literatura 142LEMBaEnfermedades en la literatura  2loccBKLIT aBogotábAlfaguarac2006 atextobtxt2rdacontent asin mediaciónbn2rdamedia avolumenbnc2rdacarrier aCO-BoRNBPbspaerdacCO-BoRNBP aN TOL2 c6669d6669